000 00827nac a22002770a 4500
001 PT586
003 AR-LpoUNG
005 20210201004730.0
008 201001s1996||||ag |||||||||||||||||spa d
040 _aAR-LpoUNG
_bspa
_eaacr
041 _aspa
044 _aag
082 0 _a410 58e
100 1 _aGranato de Grasso, Luisa
245 1 0 _aEstructura discursiva de la entrevista radial
260 _aLa Plata :
_bUniversidad Nacional de La Plata,
_c1996.
300 _a81 p. :
_bgráfs.
_3Impreso
490 0 _aEstudios Investigaciones
650 4 _aLINGÜISTICA
650 4 _aPROCESO DE COMUNICACION
650 4 _aRADIODIFUSION
651 4 _aDOCUMENTOS TEORICOS O METODOLOGICOS
710 2 _aUniversidad Nacional de La Plata. Facultad de Humanidades y Ciencias de la Educacion
905 _a586
942 _cLIB
999 _c47363
_d47363